000 00337nam a2200133Ia 4500
005 20251222155105.0
008 251222s9999||||xx |||||||||||||| ||spa||
082 _aETI.117
100 _aFEITO GRANDE,Lydia.
245 0 _aEl sueño de lo posible Bioética y terapia genética
250 _a1ra. ed.
264 _bComillas
942 _cLIB
999 _c37821
_d37821